000 08787nam a2200685 4500
005 20090519163029.0
008 701105s1969 ii b 000 0 eng
010 _aENG-93606
020 _a9788178122014
_c320.00
035 _aEN-77139
035 _aB-362466-498
037 _bDBAD / PUB
037 _bRamesh Pub. House
040 _adpl
_bEnglish
082 _a620.0076
245 _aR. Gutpa's UPSC engineering services exam:
_bmechanical engineering
260 _aNew Delhi
_bRamesh Publishing House
_c(200?)
270 _a12-H, New Daryaganj, Road, Opp. traffic Kotwali,
_bNew Delhi
_e110002
300 _aVarious pagings
_c24cm(pbk)
500 _aprevious solved papers up to date
610 _aUnion Public Service Commission
650 _aUPSC engineering services exam
650 _aMechanical engineering
_xExaminations, questions, etc.
942 _2ddc
_cEN
_mRGU
_h620.0076
999 _c26594
_d26594